| 000 | 00607nam a2200205 a 4500 | ||
|---|---|---|---|
| 005 | 20231101063623.0 | ||
| 008 | 991125s1962 mx 000 0 spa u | ||
| 035 | _aUPN01000008143 | ||
| 049 | _aCG | ||
| 050 | 4 |
_aPQ7297 E634 _bC5 |
|
| 100 | 1 | _aGonzález Valencia, Agenor | |
| 245 | 1 | 0 |
_aCimbra / _cAgenor González Valencia ; pról. de Carlos Pellicer |
| 260 |
_aMéxico : _bDivulgación, _c1962 |
||
| 300 | _a83 p. | ||
| 600 | 4 |
_aGONZALEZ VALENCIA, AGENOR- _xCRITICA E INTERPRETACION |
|
| 650 | 4 |
_aPoesía mexicana _91273 |
|
| 902 | _aCAV CARLOS AGUILAR VILLA | ||
| 904 |
_aAC _b008143 |
||
| 905 | _aLibro | ||
| 999 |
_c8143 _d8143 |
||